000 00312nam a2200133Ia 4500
008 240624s9999 xx 000 0 und d
041 _aeng
082 _a828 GRA
100 _aGRANT ADAM
245 _aGIVE AND TAKE
260 _c2014
_aNew Delhi
_bHachette India
300 _a366 , p. , 21 : cm.
365 _cRS
999 _c29355
_d29355